02510cam a2200313 i 45000010018000000050017000180080041000350100017000760200030000930350024001230350021001470350035001680400059002030410012002620420008002740500025002822450127003072500018004342640046004523000046004985040051005445201431005956500026020266500019020526500022020717000036020937000027021297000040021569911015122380434120260512144540.0170724s2018 enka b 001 0 eng c a 2017952316 a9780198816225 (hardcover) a(OCoLC)ocn994787378 a(OCoLC)994787378 a(StEdNL)11015122-nlsdb-Voyager aYDXbengerdacYDXdSINLBdYDXdCHVBKdOCLCOdINUdNLE aEnglish apcc 4aQA76.9.H84bC74 201800aCreating and capturing value through crowdsourcing c/ edited by Christopher L. Tucci, Allan Afuah, and Gianluigi Viscusi. aFirst edition 1aOxford :bOxford University Press,c2018. axxiv, 351 pages :billustrations ;c24 cm aIncludes bibliographical references and index. aExamples of the value that can be created and captured through crowdsourcing go back to at least 1714 when the UK used crowdsourcing to solve the Longitude Problem, obtaining a solution that would enable the UK to become the dominant maritime force of its time. Today, Wikipedia uses crowds to provide entries for the world's largest and free encyclopedia. Partly fueled by the value that can be created and captured through crowdsourcing, interest in researching the phenomenon has been remarkable. Despite this - or perhaps because of it - research into crowdsourcing has been conducted in different research silos, within the fields of management (from strategy to finance to operations to information systems), biology, communications, computer science, economics, political science, among others. In these silos, crowdsourcing takes names such as broadcast search, innovation tournaments, crowdfunding, community innovation, distributed innovation, collective intelligence, open source, crowdpower, and even open innovation. This book aims to assemble chapters from many of these silos, since the ultimate potential of crowdsourcing research is likely to be attained only by bridging them. Chapters provide a systematic overview of the research on crowdsourcing from different fields based on a more encompassing definition of the concept, its difference for innovation, and its value for both private and public sector. 0aGroup decision making 0aCrowdsourcing. 0aBusiness networks aTucci, Christopher L.,eeditor. aAfuah, Allan,eeditor. aViscusi, Gianluigi,d1972-eeditor.